Detalles MARC
| 000 -CABECERA |
| fixed length control field |
01414nam a22003497a 4500 |
| 003 - CONTROL NUMBER IDENTIFIER |
| control field |
AR-BeUNQ |
| 005 - FECHA Y HORA DE LA ULTIMA TRANSACCION |
| control field |
20231004175435.0 |
| 008 - ELEMENTOS DE LONGITUD FIJA-INFORMACION GENERAL |
| fixed length control field |
230824s2023 ag a|||| |||| 00| 0 spa d |
| 020 ## - NUMERO INTERNACIONAL NORMALIZADO PARA LIBROS |
| Número Internacional Normalizado del libro |
9789871696376 |
| 040 ## - FUENTE DE CATALOGACION |
| Agencia de catalogación original |
AR-BeUNQ |
| Idioma de catalogación |
ESPAÑOL |
| Convenciones de la descripción |
aacr |
| 041 ## - CODIGO DE IDIOMA |
| Código de idioma original |
ESPAÑOL |
| 044 ## - COUNTRY OF PUBLISHING/PRODUCING ENTITY CODE |
| MARC country code |
ag |
| 082 ## - NUMERO DE CLASIFICACION DECIMAL DEWEYMBER |
| Número de clasificación |
321.8 |
| Número de la edición |
21 |
| 100 1# - ASIENTO PRINCIPAL-NOMBRE PERSONAL |
| 9 (RLIN) |
3974 |
| Nombre personal |
Bombara, Paula, |
| Fecha asociada al nombre |
1972- |
| 245 13 - MENCION DE TITULO |
| Título |
La Esperanza / |
| Mención de responsabilidad, etc |
Paula Bombara, Lauri Fernández. |
| 250 ## - MENCION DE EDICION |
| Mención de edición |
1a ed, |
| 260 ## - PUBLICACION, DISTRIBUCION, ETC. |
| Lugar de publicación, distribución, etc. |
Ciudad Autónoma de Buenos Aires : |
| Nombre del editor, distribuidor, etc. |
Comisión Nacional de Bibliotecas Populares, |
| Fecha de publicación, distribución, etc |
2023. |
| 300 ## - DESCRIPCION FISICA |
| Extensión |
[16] p. : |
| Otros detalles físicos |
il.col. ; |
| Dimensiones |
15 x 21 cm. |
| 490 1# - MENCION DE SERIE |
| Mención de serie |
Colección 40 años de democracia (CONABIP) |
| 530 ## - NOTA DE FORMATO FISICO ADICIONAL DISPONIBLE |
| Nota de formato físico adicional disponible |
También disponible en línea (pdf). |
| 650 ## - ASIENTO SECUNDARIO DE MATERIA - TERMINO TEMATICO |
| Término temático o nombre geográfico como elemento de entrada |
Democracia |
| Fuente del encabezamiento o términ |
spines |
| 650 ## - ASIENTO SECUNDARIO DE MATERIA - TERMINO TEMATICO |
| Término temático o nombre geográfico como elemento de entrada |
Derechos Humanos |
| Fuente del encabezamiento o términ |
spines |
| 650 ## - ASIENTO SECUNDARIO DE MATERIA - TERMINO TEMATICO |
| Término temático o nombre geográfico como elemento de entrada |
Historia argentina |
| Fuente del encabezamiento o términ |
tha |
| 700 1# - ASIENTO SECUNDARIO - NOMBRE DE PERSONA |
| Relationship |
il. |
| 9 (RLIN) |
2016 |
| Personal name |
Fernández Enríquez, Laura |
| Relator term |
il. |
| 830 ## - ASIENTO SECUNDARIO DE SERIE--TITULO UNIFORME |
| 9 (RLIN) |
4377 |
| Título uniforme |
Colección 40 años de democracia (CONABIP) |
| 856 ## - LOCALIZACION Y ACCESO ELECTRONICOS |
| Identificador Uniforme del Recurso |
<a href="https://www.conabip.gob.ar/sites/default/files/Libro%203_HIST_La%20esperazanza.pdf">https://www.conabip.gob.ar/sites/default/files/Libro%203_HIST_La%20esperazanza.pdf</a> |
| 929 ## - DATOS DE ADQUISICION |
| Procedencia |
DONACION |
| Proveedor |
Luciana Noguez Sörensen |
| Precio |
500,00 |
| Fecha de recibido |
20230717 |
| Patrimonio UNQ |
PAT0080180 |
| Es copia |
1 |
| Número de inventario |
61398 |
| 929 ## - DATOS DE ADQUISICION |
| Procedencia |
DONACION |
| Proveedor |
Luciana Noguez Sörensen |
| Precio |
500,00 |
| Fecha de recibido |
20230717 |
| Patrimonio UNQ |
PAT0080181 |
| Es copia |
2 |
| Número de inventario |
61399 |
| 929 ## - DATOS DE ADQUISICION |
| Procedencia |
DONACION |
| Proveedor |
Luciana Noguez Sörensen |
| Precio |
500,00 |
| Fecha de recibido |
20230717 |
| Patrimonio UNQ |
PAT0080182 |
| Es copia |
3 |
| Número de inventario |
61400 |
| 929 ## - DATOS DE ADQUISICION |
| Procedencia |
DONACION |
| Proveedor |
Luciana Noguez Sörensen |
| Precio |
500,00 |
| Fecha de recibido |
20230717 |
| Patrimonio UNQ |
PAT0080183 |
| Es copia |
4 |
| Número de inventario |
61401 |
| 942 ## - ELEMENTOS DE PUNTO DE ACCESO ADICIONAL (KOHA) |
| Tipo de ítem Koha |
Libros |
| Suppress in OPAC |
0 |